00769nam a2200241Ia 4500001000600000003000900006008004100015040001300056040001300069041001300082100002100095100002900116245004300145245003800188250001100226260001200237260001600249260004900265300006100314500008500375650003600460650003100496A9266IT-RoPAU130308s9999 xx 000 0 und d aIT-RoPAU cIT-RoPAU aITALIANO aPortoghesi Paolo gCodice Aut. SPICS: 2394 aArchitettura e il design nel 1976 (L') bAnnuario 1978: Eventi del 1976-77 a1a ed. aVENEZIA bLa Biennale c1979 [1° Ed.:1979 - Ed.Ling.Originale:1977] a"11 p. (prefazione: no ; testo: 11 [pagine: 1255-1265])" aRassegne dell'Anno. l'ultimo Maestro: Alvar Aalto. nuove Architetture nel Mondo. aMANIFESTAZIONI CINEMATOGRAFICHE eCodice materia Spics: 6815